000 00435nam a2200169Ia 4500
005 20250508161104.0
008 008 250505s9999 xx 000 0 hin d
037 _aTextual
040 _aFEDL
_beng
_cFEDL
041 _ahin
_2eng
084 _a507, MAN
_qFEDL
100 _aMangal S K
245 0 _aPrarambhik kakshaon mein vigyan shikshan
300 _a303p
942 _cTEXL
_h507, MAN
999 _c1368367
_d1368367